More team building challenges (Record no. 14696)

MARC details
000 -LEADER
fixed length control field 00708nam a2200229Ia 4500
008 - FIXED-LENGTH DATA ELEMENTS--GENERAL INFORMATION
fixed length control field 191130s1995##################000#0#eng##
020 ## - INTERNATIONAL STANDARD BOOK NUMBER
International Standard Book Number 9780873227858
022 ## - INTERNATIONAL STANDARD SERIAL NUMBER
International Standard Serial Number 95008965
040 ## - CATALOGING SOURCE
Original cataloging agency ACL
Transcribing agency ACL
082 ## - DEWEY DECIMAL CLASSIFICATION NUMBER
Classification number 796.01 MID
100 ## - MAIN ENTRY--PERSONAL NAME
Personal name Midura, Daniel W
245 ## - TITLE STATEMENT
Title More team building challenges
Statement of responsibility, etc. Daniel W. Midura, Donald R. Glover
260 ## - PUBLICATION, DISTRIBUTION, ETC.
Place of publication, distribution, etc. Champaign, IL
Name of publisher, distributor, etc. Human Kinetics
Date of publication, distribution, etc. c1995
300 ## - PHYSICAL DESCRIPTION
Extent xi, 103 p. : ill. ; 23 cm
650 ## - SUBJECT ADDED ENTRY--TOPICAL TERM
Topical term or geographic name entry element Physical education and training - Study and teaching
Topical term or geographic name entry element Team learning approach in education
Topical term or geographic name entry element Teamwork (Sports)
700 ## - ADDED ENTRY--PERSONAL NAME
Personal name Glover, Donald R
990 ## - EQUIVALENCES OR CROSS-REFERENCES [LOCAL, CANADA]
Link information for 9XX fields 91b09d2aac10000c725c57205d48b90f
991 ## -
-- 330546
Holdings
Withdrawn status Lost status Materials specified (bound volume or other part) Damaged status Not for loan Home library Current library Shelving location Date acquired Total Checkouts Full call number Barcode Date last seen Price effective from Koha item type
    pbk     Anna Centenary Library Anna Centenary Library 6TH FLOOR, B WING 09.10.2020   796.01 MID 371219 09.10.2020 09.10.2020 English Books

Find us on the map